Wird geladen...

Cool memories /

Bibliographische Detailangaben
1. Verfasser: Baudrillard, Jean
Format: Printed Book
Sprache:English
Veröffentlicht: London ; New York : Verso, 1990.
LEADER 00931cam a2200265 a 4500
008 900803r19901980enk 000 0 eng
010 |a  90012113  
020 |a 0860912833 
020 |a 086091500X(pbk.) 
035 |a (CStRLIN)NYCG90-B48483 
035 |a (NNC)851467 
035 |a (OCoLC)21196245 
035 |a (OCoLC)ocm21196245 
082 0 0 |a 848.914 BAU/C  |2 20 
090 |a PQ2662.A853483  |b C6613 1990 
100 1 |a Baudrillard, Jean, 
240 1 0 |a Cool memories, 1980-1985.  |l English 
245 1 0 |a Cool memories /  |c Jean Baudrillard ; translated by Chris Turner. 
260 |a London ;  |a New York :  |b Verso,  |c 1990. 
300 |a 234 p. ;  |c 21 cm. 
500 |a Previously published as: Cool memories, 1980-1985, 1987. 
900 |a AUTH 
942 |2 ddc  |c BK 
999 |c 192005  |d 192005 
952 |0 0  |1 0  |4 0  |6 848_914000000000000_BAU_C  |7 0  |9 211854  |a ENG  |b ENG  |c ST1  |d 2015-11-25  |i 17246  |l 0  |o 848.914 BAU/C  |p ENG17246  |r 2015-11-25  |w 2015-11-25  |y BK